000 00708cam a2200241 a 4500
001 4838196
005 20180306032219.0
008 900131s1986 enka 001 0 eng
010 _a 90111642
020 _a0935748725 (US)
020 _a0856672289 (UK)
040 _aDLC
_cDLC
_dDLC
041 1 _aeng
043 _ae-fr---
080 _a759.05
082 0 0 _a759.05 LAC
_220
100 _a45
101 _aART
245 1 0 _aPaintings in the Musée d'Orsay /
_cMichel Laclotte ... [et al.] ; preface by Françoise Cachin.
906 _a7
_bcbc
_corignew
_d3
_encip
_f19
_gy-gencatlg
942 _2ddc
_cBK
999 _c44114
_d44114